000 00676nam a2200253Ia 4500
003 OSt
005 20220925205013.0
006 a|||||r|||| 00| 0
007 ta
008 220923b |||||||| |||| 00| 0 eng d
020 _a03336177673
037 _cGeneral Book
040 _aRTL
_cRTL
_beng
041 _2eng
_aeng
082 _aY57.73.N9, N4
100 _aLaguerre Michel S
_9269443
245 0 _aInformal city
260 _aHampshire
_bMacmillan
_c1994
300 _axvi, 180p
_ccm.
500 _aBibiliogrpahy P 163-69
650 _aSlums
_9241589
942 _hY57.73.N9, N4
_cGB
_2CC
999 _c550974
_d550974